| 000 | 01113nam a22002415i 4500 | ||
|---|---|---|---|
| 001 | 167130 | ||
| 003 | ES-MaACL | ||
| 005 | 20230906213451.0 | ||
| 008 | 951117s1726 sz |||| | lat d | ||
| 040 |
_aAR _bspa _cAR |
||
| 100 | 1 |
_aVela de Oreña, José. _9133589 |
|
| 245 | 1 | 0 |
_aD.D. Josephi Vela de Oreña... Dissertationum juris controversi tam in Hispalensi quam Granatensi senatu super materias tam ecclesiasticas quam civiles tomus primus... _b: cum S.Rot.Romanae decisionibus recentissimis numquam antea lucem editis... |
| 250 | _aEditio novissima, mendis quae in priori irrepserant sedulo expurgata. | ||
| 260 |
_aColoniae Allobrogum : _bsumptibus Perachon & Cramer, _c1726. |
||
| 300 |
_a[12], 507, [96] p. [2] en bl. ; _cFol. |
||
| 595 | _aDatos de ed. preceden a la inf. complementaria. | ||
| 596 | _aMarca tip. xil en port. | ||
| 597 | _aSign.: a6, A-Z6, 2A-2S6, 2T-V4, 3X-3Z6, 3A-3E6. | ||
| 597 | _aPort. a dos tintas. | ||
| 597 | _aTexto a dos col. | ||
| 597 | _aAntep. | ||
| 852 |
_aES-MaACL _jR-1547-48 _z-- Enc. perg. _q-- Falto de la port. y de prelim. _x-- Olim: G-2977-8 |
||
| 999 |
_c167130 _d167130 |
||